|
|
|
|
| LEADER |
00000cam a22000004a 4500 |
| 001 |
musev2_74049 |
| 003 |
MdBmJHUP |
| 005 |
20230905051650.0 |
| 006 |
m o d |
| 007 |
cr||||||||nn|n |
| 008 |
161222s2016 quc o 00 0 fre d |
| 010 |
|
|
|z 2016497057
|
| 020 |
|
|
|a 9782760545137
|
| 020 |
|
|
|z 9782760545120
|
| 040 |
|
|
|a MdBmJHUP
|c MdBmJHUP
|
| 050 |
0 |
4 |
|a QA135.6
|b .M386 2016
|
| 245 |
0 |
0 |
|a Mathématiques ludiques pour les enfants de 4 à 8 ans /
|c sous la direction de Krasimira Marinova et Diane Biron ; avec la collaboration de Thomas Rajotte, Louis Côte et Roxane Drainville.
|
| 264 |
|
1 |
|a Quebec (Quebec) :
|b Presses de l'Universite du Quebec,
|c [2016]
|
| 264 |
|
3 |
|a Baltimore, Md. :
|b Project MUSE,
|c 0000
|
| 264 |
|
4 |
|c ©[2016]
|
| 300 |
|
|
|a 1 online resource:
|b illustrations ;
|
| 336 |
|
|
|a text
|b txt
|2 rdacontent
|
| 337 |
|
|
|a computer
|b c
|2 rdamedia
|
| 338 |
|
|
|a online resource
|b cr
|2 rdacarrier
|
| 504 |
|
|
|a Includes bibliographical references.
|
| 588 |
|
|
|a Description based on print version record.
|
| 650 |
|
0 |
|a Educational games.
|
| 650 |
|
0 |
|a Mathematics
|x Study and teaching (Primary)
|
| 650 |
|
0 |
|a Mathematics
|x Study and teaching (Preschool)
|
| 655 |
|
7 |
|a Electronic books.
|2 local
|
| 700 |
1 |
|
|a Biron, Diane,
|e editor.
|
| 700 |
1 |
|
|a Marinova, K.
|q (Krassimira),
|e editor.
|
| 710 |
2 |
|
|a Project Muse.
|e distributor
|
| 830 |
|
0 |
|a Book collections on Project MUSE.
|
| 856 |
4 |
0 |
|z Texto completo
|u https://projectmuse.uam.elogim.com/book/74049/
|
| 945 |
|
|
|a Project MUSE - Custom Collection
|